Tazkira Maulana Ahmed Allah Shah Shaheed (Record no. 2422)

MARC details
000 -LEADER
fixed length control field 00683nam a2200253 a 4500
020 ## - INTERNATIONAL STANDARD BOOK NUMBER
ISBN
082 00 - DEWEY DECIMAL CLASSIFICATION NUMBER
Classification number 297.409
Author Cutter FAR4
100 ## - MAIN ENTRY--AUTHOR NAME
Author name Faruqi, Mohd Akbar Husain
245 ## - TITLE STATEMENT
Title Tazkira Maulana Ahmed Allah Shah Shaheed
Sub title Masar-E-Dilawari
260 ## - PUBLICATION, DISTRIBUTION, ETC. (IMPRINT)
Place of publication Hardoi-U P
Name of publisher Kutub Khana Faruqi
Year of publication 1996
300 ## - PHYSICAL DESCRIPTION
Number of Pages 292p
500 ## - GENERAL NOTE
General note includes index and biblioraphy
505 2# - FORMATTED CONTENTS NOTE
Formatted contents note Bibliography
650 ## - SUBJECT ADDED ENTRY--TOPICAL TERM
Topical Term Sufism-Hagiography
650 ## - SUBJECT ADDED ENTRY--TOPICAL TERM
Topical Term Ahmad Allah Shah Shaheed
942 ## - ADDED ENTRY ELEMENTS (KOHA)
Koha item type Books
700 1# -
-- Faruqi, Mohd Akbar Husain
Holdings
Collection code Home library Current library Date acquired Cost, normal purchase price Full call number Accession Number Koha item type
  Henry Martyn Institute Library Henry Martyn Institute Library 07/03/2007 100.00 297.409 FAR4 03559 Books
                   Copyright © 2026 | Henry Martyn Institute | Hyderabad | TS-500052 | INDIA | Implemented by hmi.edu.in
Hit-Count:

Powered by Koha